Statistiche per Paesi nominati nella pagina Wikipedia dell'Australia

Clicka qui per fare il quiz!

Statistiche generali

  • Questo quiz è stato fatto 24 volte
  • Il punteggio medio è 17 su 21

Statistiche sulle risposte

Volte in cui viene nominatoIndizio (basato sul motivo per cui lo stato è nominato nella pagina Wikipedia)Paese% Corretto
4Paese che a volte, con l'Australia. è considerato parte dell'"Australasia"Nuova Zelanda
100%
9Paese dal quale l'Australia ha ottenuto l'indipendenzaRegno Unito
100%
2Dopo 32 anni di assenza, l'Australia si qualificò ai mondiali di calcio del 2006, ospitati in questo paeseGermania
95%
1Paese tra i principali partner commerciali dell'AustraliaIndia
95%
3Paese che a volte, con l'Australia. è considerato parte dell'"Australasia"Indonesia
95%
1Paese di origine di molti cittadini australianiItalia
95%
2Potenza asiatica con cui l'Australia ha rapporti ambivalentiCina
89%
1Potenza asiatica con cui l'Australia ha un rapporto di amiciziaGiappone
89%
3Paese governato dall'Australia tra 1919 e 1975Papua Nuova Guinea
84%
7Paese con cui l'Australia ha uno stretto rapporto di alleanzaStati Uniti
84%
1Paese che l'Australia monitora in quanto parte dell'"arco di instabilità"Tonga
84%
1Paese che l'Australia monitora in quanto parte dell'"arco di instabilità"Figi
79%
1Paese che a volte, con l'Australia. è considerato parte dell'"Australasia"Filippine
79%
2Paese in cui l'Australia è in passato intervenuta politicamente e militarmente per difendere i suoi interessiIsole Salomone
79%
1Paese in cui l'Australia è in passato intervenuta politicamente e militarmente per difendere i suoi interessiVanuatu
79%
2Reame del Commonwealth come l'AustraliaCanada
74%
2Paese in cui l'Australia è in passato intervenuta politicamente e militarmente per difendere i suoi interessiNauru
74%
1Paese dal quale provenivano i primi europei che scoprirono l'AustraliaPaesi Bassi
74%
1Paese in cui l'Australia ha inviato truppe in missione di paceIraq
68%
1Paese in cui l'Australia ha inviato truppe in missione di paceAfghanistan
63%
2Paese in cui l'Australia è in passato intervenuta politicamente e militarmente per difendere i suoi interessiTimor Est
53%

Distribuzione punteggi

Percentile per numero di risposta

Percentuale di utenti per punteggio

I tuoi punteggi nel tempo

Non hai fatto questo quiz